[Event "4NCL 2014-15"]
[Site "Hinckley Island ENG"]
[Date "2015.01.11"]
[Round "4.153"]
[White "Batchelor, Peter J"]
[Black "Edouard, Romain"]
[Result "1/2-1/2"]
[BlackTitle "GM"]
[WhiteElo "2312"]
[BlackElo "2638"]
[WhiteTeam "Grantham Sharks 1"]
[BlackTeam "Guildford 1"]
[WhiteFideId "424854"]
[BlackFideId "633429"]
[EventDate "2014.11.15"]

1. d4 Nf6 2. Nf3 b6 3. c4 Bb7 4. g3 g6 5. Bg2 Bg7 6. O-O O-O 7. Nc3 e6 8. Qc2 d5
9. cxd5 Nxd5 10. Nxd5 exd5 11. Bf4 Na6 12. Qd2 c5 13. Bh6 Qe7 14. Bxg7 Kxg7 15.
Ne5 Rad8 16. a4 Rfe8 17. Ra3 Nc7 18. Rc1 Ne6 19. Nf3 c4 20. Bh3 a6 21. Re3 Qd6
22. Bxe6 Rxe6 23. Rxe6 Qxe6 24. Rc3 Bc6 25. a5 b5 26. b4 Qd6 27. Ne5 Bd7 28. Qf4
f6 29. Nxg6 Qxb4 30. Qc7 Qxc3 31. Qxd8 Qe1+ 32. Kg2 Qxe2 33. Qxd7+ Kxg6 34. Qxd5
Qe7 35. Qg8+ Kh6 36. h4 c3 37. Qc8 Qe4+ 38. Kh3 Qxd4 39. Qf8+ Kg6 40. g4 Qd5 41.
h5+ Kg5 42. Qg7+ Kf4 43. Qxf6+ Ke4 44. Qxc3 Qd4 45. Qc6+ Kf4 46. Qc7+ Kf3 47.
Qg3+ Ke2 48. g5 b4 49. g6 hxg6 50. hxg6 Qg7 51. Qg4+ Kf1 52. Kg3 Qc3+ 53. f3
Qe5+ 54. f4 Qe1+ 55. Kh2 Qd2+ 56. Kh3 Qc3+ 57. Qg3 Qc8+ 58. Kh4 Qh8+ 59. Kg4 Qd4
60. Qf3+ Ke1 61. Kh3 Qd7+ 62. Kg3 Qd4 63. f5 b3 64. Qxb3 Qd3+ 1/2-1/2

[Event "4NCL 2014-15"]
[Site "Hinckley Island ENG"]
[Date "2015.01.11"]
[Round "4.154"]
[White "Maze, Sebastien"]
[Black "Rendle, Thomas E"]
[Result "1-0"]
[WhiteTitle "GM"]
[BlackTitle "IM"]
[WhiteElo "2562"]
[BlackElo "2378"]
[WhiteTeam "Guildford 1"]
[BlackTeam "Grantham Sharks 1"]
[WhiteFideId "613762"]
[BlackFideId "408760"]
[EventDate "2014.11.15"]

1. Nf3 e6 2. g3 f5 3. Bg2 Nf6 4. O-O d5 5. d3 Bc5 6. Nbd2 O-O 7. Qe1 Nc6 8. c3
e5 9. Nxe5 Nxe5 10. d4 Bd6 11. dxe5 Bxe5 12. Nf3 Bd6 13. Bf4 Bc5 14. Rd1 Qe7 15.
Nd4 Bb6 16. Nc2 c6 17. c4 Be6 18. b4 Rad8 19. c5 Bc7 20. Nd4 Bc8 21. Qd2 Bxf4
22. gxf4 Ne4 23. Qc1 Bd7 24. Rd3 h6 25. Rfd1 a6 26. Qe3 Qh4 27. Nf3 Qh5 28. Ne5
Bc8 29. Bf3 Qe8 30. Qd4 Rf6 31. Re3 Qe6 32. Bg2 g5 33. fxg5 hxg5 34. Bxe4 fxe4
35. Rg3 Rf5 36. Ng4 Rf4 37. Ne3 Qe7 38. f3 Kh7 39. Ng2 Rff8 40. Qe3 Rg8 41. fxe4
Qxe4 42. Qxe4+ dxe4 43. Rxd8 Rxd8 44. Rxg5 Rd4 45. a3 a5 46. bxa5 Ra4 47. h4
Rxa5 48. Nf4 Rxa3 49. Kf2 Rc3 50. Nh5 Rh3 51. Nf6+ Kh6 52. Ng8+ Kh7 53. h5 Be6
54. Nf6+ Kh8 55. Nxe4 Bf7 56. Nf6 1-0

[Event "4NCL 2014-15"]
[Site "Hinckley Island ENG"]
[Date "2015.01.11"]
[Round "4.155"]
[White "Sreeves, Clement"]
[Black "Pert, Nicholas"]
[Result "0-1"]
[BlackTitle "GM"]
[WhiteElo "2291"]
[BlackElo "2562"]
[WhiteTeam "Grantham Sharks 1"]
[BlackTeam "Guildford 1"]
[WhiteFideId "2402564"]
[BlackFideId "403989"]
[EventDate "2014.11.15"]

1. c4 Nf6 2. g3 g6 3. Bg2 Bg7 4. Nc3 d6 5. e4 c5 6. Nge2 Nc6 7. O-O h5 8. h4 Ng4
9. d3 a6 10. a4 e6 11. f3 Nge5 12. Be3 Nb4 13. Nc1 O-O 14. Kh1 b6 15. Qe2 Bb7
16. d4 cxd4 17. Bxd4 Rc8 18. b3 Nbc6 19. Bg1 Nxc4 20. bxc4 Bxc3 21. Rb1 Bd4 22.
Bxd4 Nxd4 23. Qd3 Nc6 24. Qe3 Na5 25. Qxb6 Qxb6 26. Rxb6 Rc6 27. Rxc6 Bxc6 28.
Rd1 Nxc4 29. Rd4 d5 30. exd5 Bxd5 31. f4 Ne3 32. Bxd5 Nxd5 33. Nd3 Rb8 34. Kg2
a5 35. Ne5 Rb3 36. Kf2 Ra3 37. Nc6 Ra2+ 38. Kf3 Ra3+ 39. Kf2 Nb6 40. Nxa5 Ra2+
41. Kf3 Ra3+ 42. Kf2 Nxa4 43. Nc4 Rc3 44. Ne5 Nb6 45. Rb4 Nd5 46. Rb7 Rc7 47.
Rxc7 Nxc7 48. Kf3 Kg7 49. Ke4 Nd5 50. Kf3 Nf6 51. Nd3 Ng4 52. Nc5 Kf6 53. Ne4+
Ke7 54. Ng5 Nh6 55. Ne4 Kd7 56. Ng5 Kc6 57. Ke4 Kd6 58. Nh7 Nf5 59. Kf3 Kd5 60.
Ng5 Nh6 61. Ke3 f6 62. Nh7 Ng4+ 63. Kf3 e5 64. fxe5 Nxe5+ 65. Kf4 Ke6 66. Ke4
Nd7 67. Kf4 Kf7 68. g4 hxg4 69. Kxg4 Kg7 70. Ng5 Ne5+ 71. Kf4 fxg5+ 72. Kxg5
Nf7+ 73. Kf4 Kh6 74. Kg4 Nd6 75. Kf4 Kh5 0-1

[Event "4NCL 2014-15"]
[Site "Hinckley Island ENG"]
[Date "2015.01.11"]
[Round "4.156"]
[White "Suarez Real, Alberto"]
[Black "Williams, Samuel G"]
[Result "1/2-1/2"]
[WhiteTitle "IM"]
[WhiteElo "2403"]
[BlackElo "2263"]
[WhiteTeam "Guildford 1"]
[BlackTeam "Grantham Sharks 1"]
[WhiteFideId "2218534"]
[BlackFideId "410977"]
[EventDate "2014.11.15"]

1. e4 d5 2. exd5 Qxd5 3. Nc3 Qd6 4. d4 c6 5. Bc4 Nf6 6. Nge2 Bf5 7. Bf4 Qb4 8.
Bb3 e6 9. O-O Nbd7 10. Ng3 Bg6 11. Nce2 c5 12. c3 Qb6 13. Be3 Rd8 14. Nf4 Bd6
15. Nxg6 hxg6 16. Qe2 O-O 17. Rad1 cxd4 18. Bxd4 Bc5 19. Bxc5 Nxc5 20. Bc4 a6
21. Qc2 Qc6 22. Be2 Qa4 23. Qb1 Qf4 24. Bf3 b5 25. Ne2 Qc7 26. Rxd8 1/2-1/2

[Event "4NCL 2014-15"]
[Site "Hinckley Island ENG"]
[Date "2015.01.11"]
[Round "4.158"]
[White "Flear, Glenn C"]
[Black "Summerscale, Claire E"]
[Result "1-0"]
[WhiteTitle "GM"]
[WhiteElo "2460"]
[BlackElo "1912"]
[WhiteTeam "Guildford 1"]
[BlackTeam "Grantham Sharks 1"]
[WhiteFideId "400165"]
[BlackFideId "410926"]
[EventDate "2014.11.15"]

1. d4 d5 2. c4 e6 3. Nc3 Nf6 4. cxd5 exd5 5. Bg5 Be7 6. e3 c6 7. Qc2 Nbd7 8. Bd3
h6 9. Bh4 Nb6 10. Nf3 Be6 11. O-O-O a5 12. h3 a4 13. g4 g5 14. Bg3 a3 15. b3 Bd6
16. Bxd6 Qxd6 17. Kb1 Nbd7 18. Rc1 Qb4 19. Ka1 Ra5 20. Ne2 Ke7 21. Ng3 Rc8 22.
Qc3 Qxc3+ 23. Rxc3 Ne8 24. b4 Raa8 25. Rb1 Nd6 26. Nd2 Nb6 27. f4 Nbc4 28. Bxc4
Nxc4 29. Nxc4 dxc4 30. f5 1-0

[Event "4NCL 2014-15"]
[Site "Hinckley Island ENG"]
[Date "2015.01.11"]
[Round "4.161"]
[White "Hawkins, Jonathan"]
[Black "Conquest, Stuart C"]
[Result "1/2-1/2"]
[WhiteTitle "GM"]
[BlackTitle "GM"]
[WhiteElo "2550"]
[BlackElo "2491"]
[WhiteTeam "Cheddleton 1"]
[BlackTeam "e2e4.org.uk 1"]
[WhiteFideId "412686"]
[BlackFideId "400181"]
[EventDate "2014.11.15"]

1. d4 e6 2. c4 f5 3. g3 Nf6 4. Bg2 c6 5. Nf3 d5 6. O-O Bd6 7. Qc2 O-O 8. Nc3 Bd7
9. Rb1 a5 10. a3 Na6 11. c5 Bb8 12. Bf4 Bxf4 13. gxf4 Be8 14. b4 axb4 15. axb4
Ne4 16. e3 Nc7 17. Ne5 g5 18. fxg5 Qxg5 19. f4 Qg7 20. Kh1 Kh8 21. Bxe4 dxe4 22.
Rg1 Qh6 23. Rg3 Rg8 24. Rxg8+ Kxg8 25. Rg1+ Kf8 26. Qb2 Qh3 27. d5 Bh5 28. d6
Bf3+ 29. Nxf3 Qxf3+ 30. Qg2 Qxg2+ 31. Kxg2 Ne8 32. b5 Nf6 33. bxc6 bxc6 34. Rb1
Nd7 35. Ne2 Ra2 36. Kf1 Nxc5 37. Rb8+ Kf7 38. Nd4 Ra1+ 39. Ke2 Ra2+ 40. Kd1 Ra3
41. Ke2 Ra2+ 42. Ke1 e5 43. fxe5 Nd3+ 44. Kd1 Nxe5 45. Rb7+ Kf6 46. Re7 Ng4 47.
Re6+ Kf7 48. Re7+ Kf6 49. Re6+ Kf7 50. Re7+ 1/2-1/2

[Event "4NCL 2014-15"]
[Site "Hinckley Island ENG"]
[Date "2015.01.11"]
[Round "4.162"]
[White "Fernandez, Daniel Howard"]
[Black "Hamitevici, Vladimir"]
[Result "1/2-1/2"]
[WhiteTitle "IM"]
[BlackTitle "IM"]
[WhiteElo "2453"]
[BlackElo "2446"]
[WhiteTeam "e2e4.org.uk 1"]
[BlackTeam "Cheddleton 1"]
[WhiteFideId "5801605"]
[BlackFideId "13902393"]
[EventDate "2014.11.15"]

1. Nf3 c5 2. e4 d6 3. d4 Nf6 4. Nc3 cxd4 5. Nxd4 a6 6. a4 e5 7. Nde2 Nc6 8. g3
Be7 9. Bg2 Nb4 10. Bg5 Be6 11. Qd2 Rc8 12. O-O O-O 13. a5 h6 14. Bxf6 Bxf6 15.
Ra4 Nc6 16. Nd5 Bxd5 17. Qxd5 Qd7 18. Rfa1 Bd8 19. c3 Kh8 20. R4a2 Bc7 21. b4
Bb8 22. Rd2 Qc7 23. Bh3 Ne7 24. Qd3 Rcd8 25. c4 Ba7 26. Rad1 Nc6 27. Rb1 Bd4 28.
Rc2 Rb8 29. Rcc1 Ba7 30. Nc3 Bd4 31. Nd5 Qd8 32. Qd2 Kh7 33. Rc2 Ra8 34. Bf1 g6
35. h4 Kg7 36. h5 gxh5 37. Bh3 Qg5 38. Kg2 Rad8 39. Rh1 h4 40. Bf5 Qxd2 41. Rxd2
hxg3 42. fxg3 Rh8 43. Kf3 Rb8 44. Rdh2 Nd8 45. Ke2 Ne6 46. Bxe6 fxe6 47. Nc7 Bc3
48. Rf2 Rh7 49. Nxe6+ Kg8 50. Rf6 Re8 51. Rh4 Bxb4 52. Rg4+ Kh8 53. Rgg6 Bxa5
54. Nf8 Rg7 55. Rxh6+ Kg8 56. Ng6 Rh7 57. Rxh7 Kxh7 58. Nh4 Bd8 59. Rf7+ Kg8 60.
Rxb7 Bxh4 61. gxh4 Rc8 62. Kd3 Rc6 63. Kc3 Kh8 64. h5 Kg8 65. h6 Kh8 66. Rg7 Rb6
67. Ra7 Rc6 68. Rb7 Kg8 69. Re7 Kh8 70. Kd3 Kg8 71. Re6 a5 72. c5 Rxc5 73. Rxd6
a4 74. Ra6 Kh7 75. Rxa4 1/2-1/2

[Event "4NCL 2014-15"]
[Site "Hinckley Island ENG"]
[Date "2015.01.11"]
[Round "4.163"]
[White "Eggleston, David J"]
[Black "Jackson, James P"]
[Result "1-0"]
[WhiteTitle "IM"]
[BlackTitle "FM"]
[WhiteElo "2424"]
[BlackElo "2313"]
[WhiteTeam "Cheddleton 1"]
[BlackTeam "e2e4.org.uk 1"]
[WhiteFideId "412120"]
[BlackFideId "416860"]
[EventDate "2014.11.15"]

1. e4 g6 2. d4 Bg7 3. Nc3 d6 4. Be3 a6 5. Qd2 b5 6. Bd3 Bb7 7. a4 b4 8. Nce2 a5
9. Nf3 Nf6 10. Ng3 O-O 11. O-O Nbd7 12. h3 e5 13. dxe5 dxe5 14. c3 Qe7 15. cxb4
Qxb4 16. Qxb4 axb4 17. Rfc1 Rfc8 18. a5 Ba6 19. Bxa6 Rxa6 20. Nd2 Bf8 21. Nc4
Rca8 22. Rd1 Bc5 23. Nf1 Bxe3 24. Nfxe3 Nc5 25. f3 Nb3 26. Ra4 c5 27. Nxe5 Rxa5
28. Rxa5 Rxa5 29. Rd8+ Kg7 30. N3c4 Ra7 31. Rc8 Nd7 32. Nc6 Ra1+ 33. Kf2 Rc1 34.
Nd6 Rc2+ 35. Kg1 Rxb2 36. Rc7 Kf6 37. Rxd7 Ke6 38. Rd8 Rd2 39. Nc4 Rxd8 40.
Nxd8+ Ke7 41. Nc6+ Ke6 42. Kf2 f6 43. N6a5 Nd4 44. Nb7 Nb3 45. Nca5 Nxa5 46.
Nxa5 f5 47. Ke3 fxe4 48. fxe4 g5 49. g4 Kd6 50. Kd3 Ke5 51. Nc4+ Ke6 52. Kc2 Kd7
53. Kb3 Ke7 54. Ka4 Ke6 55. Kb5 b3 56. Kxc5 b2 57. Nxb2 Ke5 58. Nc4+ Kxe4 59.
Nd6+ Kf4 60. Nf7 Kg3 61. Nh6 1-0

[Event "4NCL 2014-15"]
[Site "Hinckley Island ENG"]
[Date "2015.01.11"]
[Round "4.164"]
[White "Rudd, Jack"]
[Black "Shytaj, Luca"]
[Result "1-0"]
[WhiteTitle "IM"]
[BlackTitle "IM"]
[WhiteElo "2247"]
[BlackElo "2449"]
[WhiteTeam "e2e4.org.uk 1"]
[BlackTeam "Cheddleton 1"]
[WhiteFideId "405736"]
[BlackFideId "812633"]
[EventDate "2014.11.15"]

1. e4 c5 2. Nf3 Nc6 3. d4 cxd4 4. Nxd4 e6 5. Nc3 Qc7 6. Be2 a6 7. O-O Nf6 8. Be3
h5 9. f4 b5 10. e5 Ng4 11. Bxg4 hxg4 12. Qxg4 Nxd4 13. Bxd4 Bb7 14. Qe2 Rc8 15.
Rf2 Qc6 16. Re1 Bb4 17. a3 Ba5 18. Qg4 g6 19. Re3 Qc4 20. Qd1 Bxc3 21. Bxc3 Rh4
22. Bb4 a5 23. Bxa5 Rxf4 24. Rh3 Kf8 25. Qd2 g5 26. Bb4+ Kg7 27. Rg3 Kh6 28. Be7 1-0

[Event "4NCL 2014-15"]
[Site "Hinckley Island ENG"]
[Date "2015.01.11"]
[Round "4.165"]
[White "Paehtz, Elisabeth"]
[Black "Sowray, Peter J"]
[Result "1/2-1/2"]
[WhiteTitle "IM"]
[BlackTitle "FM"]
[WhiteElo "2482"]
[BlackElo "2308"]
[WhiteTeam "Cheddleton 1"]
[BlackTeam "e2e4.org.uk 1"]
[WhiteFideId "4641833"]
[BlackFideId "400971"]
[EventDate "2014.11.15"]

1. d4 d5 2. Nf3 Nf6 3. c4 e6 4. g3 Be7 5. Bg2 O-O 6. O-O dxc4 7. Qc2 a6 8. a4
Nc6 9. Qxc4 a5 10. Nc3 Nb4 11. Rd1 b6 12. Ne5 Ba6 13. Nb5 Rc8 14. Nc6 Nxc6 15.
Bxc6 Nd5 16. Bd2 Bb4 17. e4 Bxd2 18. exd5 exd5 19. Bxd5 Bb4 20. Rac1 Qe7 21. Bc6
Rcd8 22. Rc2 Bc8 23. Re2 Be6 24. Qc2 Qf6 25. Re3 Bg4 26. Rc1 h5 27. Kg2 h4 28.
h3 Bf5 29. Be4 Bxe4+ 30. Qxe4 c5 31. Rf3 Qg5 32. Rc2 hxg3 33. Rxg3 Qd5 34. Qxd5
Rxd5 35. dxc5 Bxc5 36. Nc3 Rd4 37. Re2 f5 38. Rg6 Kf7 39. Rc6 Rfd8 40. Re5 g6
41. Ree6 Bd6 42. Re2 Bc5 43. Ree6 Bd6 44. Re2 Bc5 1/2-1/2

[Event "4NCL 2014-15"]
[Site "Hinckley Island ENG"]
[Date "2015.01.11"]
[Round "4.166"]
[White "Fernandez, Michael"]
[Black "Williams, Simon K"]
[Result "0-1"]
[WhiteTitle "FM"]
[BlackTitle "GM"]
[WhiteElo "2264"]
[BlackElo "2429"]
[WhiteTeam "e2e4.org.uk 1"]
[BlackTeam "Cheddleton 1"]
[WhiteFideId "5803560"]
[BlackFideId "404454"]
[EventDate "2014.11.15"]

1. e4 c5 2. Nc3 e6 3. f4 a6 4. Nf3 d5 5. d3 b5 6. f5 b4 7. fxe6 fxe6 8. Ne2 dxe4
9. dxe4 Qxd1+ 10. Kxd1 Nf6 11. Ng3 Ng4 12. Ke1 Bd6 13. Ne2 O-O 14. Bg5 Nc6 15.
Rd1 Bc7 16. Nc1 h6 17. h3 Bg3+ 0-1

[Event "4NCL 2014-15"]
[Site "Hinckley Island ENG"]
[Date "2015.01.11"]
[Round "4.167"]
[White "Radovanovic, Jovica"]
[Black "Byron, Alan M"]
[Result "1-0"]
[WhiteTitle "FM"]
[WhiteElo "2311"]
[BlackElo "2188"]
[WhiteTeam "Cheddleton 1"]
[BlackTeam "e2e4.org.uk 1"]
[WhiteFideId "915912"]
[BlackFideId "401773"]
[EventDate "2014.11.15"]

1. Nf3 d6 2. e4 g6 3. d4 Bg7 4. Nc3 a6 5. Be2 Nf6 6. O-O O-O 7. Re1 b5 8. e5 Ne8
9. Bf1 d5 10. h3 c6 11. Bf4 Nc7 12. Qd2 Ne6 13. Bh6 f5 14. exf6 exf6 15. Bxg7
Kxg7 16. a4 b4 17. Ne2 Qd6 18. a5 Nd7 19. Nc1 Rb8 20. Nb3 Rf7 21. Qe3 Ndf8 22.
Nc5 Nc7 23. Nd2 Nfe6 24. Ndb3 Kg8 25. Nxe6 Nxe6 26. Bxa6 Nxd4 27. Qxd4 Bxa6 28.
Nc5 Bc8 29. Re8+ Rf8 30. Ne4 c5 31. Qxf6 Qxf6 32. Nxf6+ Kf7 33. Rxf8+ Kxf8 34.
Nxd5 Be6 35. Nc7 1-0

[Event "4NCL 2014-15"]
[Site "Hinckley Island ENG"]
[Date "2015.01.11"]
[Round "4.168"]
[White "Norinkeviciute, Rasa"]
[Black "Steil-Antoni, Fiona"]
[Result "1/2-1/2"]
[WhiteTitle "WFM"]
[BlackTitle "WIM"]
[WhiteElo "2009"]
[BlackElo "2095"]
[WhiteTeam "e2e4.org.uk 1"]
[BlackTeam "Cheddleton 1"]
[WhiteFideId "12801925"]
[BlackFideId "4001249"]
[EventDate "2014.11.15"]

1. e4 e5 2. Nf3 Nc6 3. Bb5 a6 4. Ba4 d6 5. c3 Bd7 6. O-O Nge7 7. d4 Ng6 8. Re1
Be7 9. Nbd2 h6 10. Nf1 Bg5 11. Ne3 Bxe3 12. Bxe3 O-O 13. Bb3 Kh7 14. Bc2 Qc8 15.
Qb1 f5 16. exf5 Bxf5 17. dxe5 Ncxe5 18. Nxe5 Nxe5 19. Bd4 Nc6 1/2-1/2

[Event "4NCL 2014-15"]
[Site "Hinckley Island ENG"]
[Date "2015.01.11"]
[Round "4.171"]
[White "Taylor, Martin R"]
[Black "Eames, Robert S"]
[Result "1/2-1/2"]
[WhiteTitle "FM"]
[BlackTitle "FM"]
[WhiteElo "2328"]
[BlackElo "2237"]
[WhiteTeam "Barbican 4NCL 1"]
[BlackTeam "Hackney 1"]
[WhiteFideId "407836"]
[BlackFideId "408743"]
[EventDate "2014.11.15"]

1. d4 g6 2. c4 Bg7 3. e4 d6 4. Nc3 e5 5. d5 a5 6. Nge2 Na6 7. Be3 f5 8. g3 Nf6
9. Bg2 O-O 10. O-O Nc5 11. f3 fxe4 12. Nxe4 Ncxe4 13. fxe4 Ng4 14. Qd2 Nxe3 15.
Qxe3 b6 16. Nc3 Bd7 17. Rxf8+ Qxf8 18. Rf1 Qe7 19. Nb5 Bxb5 20. cxb5 Rf8 21. Bh3
Rxf1+ 22. Kxf1 h5 23. Be6+ 1/2-1/2

[Event "4NCL 2014-15"]
[Site "Hinckley Island ENG"]
[Date "2015.01.11"]
[Round "4.172"]
[White "Reid, John"]
[Black "Knott, Simon J B"]
[Result "1/2-1/2"]
[BlackTitle "IM"]
[WhiteElo "2178"]
[BlackElo "2316"]
[WhiteTeam "Hackney 1"]
[BlackTeam "Barbican 4NCL 1"]
[WhiteFideId "418927"]
[BlackFideId "400645"]
[EventDate "2014.11.15"]

1. d4 Nf6 2. c4 g6 3. Nc3 d5 4. Nf3 Bg7 5. Bf4 O-O 6. Rc1 dxc4 7. e3 Be6 8. Ng5
Bd5 9. e4 h6 10. exd5 hxg5 11. Bxg5 Nxd5 12. Bxc4 Nb6 13. Bb3 Nc6 14. Ne2 a5 15.
a3 a4 16. Ba2 Nxd4 17. Nxd4 Qxd4 18. Qxd4 Bxd4 19. Rxc7 e6 20. Rxb7 Rfb8 21.
Rxb8+ Rxb8 22. Be7 Nd5 23. Bxd5 exd5 24. Bb4 Bxb2 25. Kd2 Re8 26. Kd3 Rc8 27.
Rb1 Bf6 28. Bd2 Be7 29. Bb4 Bf6 30. g3 Rc4 31. h4 Rd4+ 32. Ke3 Re4+ 33. Kd3 Rd4+
34. Ke3 1/2-1/2

[Event "4NCL 2014-15"]
[Site "Hinckley Island ENG"]
[Date "2015.01.11"]
[Round "4.173"]
[White "Dragicevic, Drazen"]
[Black "Lyell, Mark"]
[Result "1/2-1/2"]
[WhiteTitle "FM"]
[BlackTitle "FM"]
[WhiteElo "2292"]
[BlackElo "2256"]
[WhiteTeam "Barbican 4NCL 2"]
[BlackTeam "Hackney 1"]
[WhiteFideId "1707922"]
[BlackFideId "402354"]
[EventDate "2014.11.15"]

1. Nf3 f5 2. g3 Nf6 3. Bg2 d6 4. c4 e6 5. O-O Be7 6. d3 O-O 7. b3 Nc6 8. Bb2 Qe8
9. a3 Bd7 10. Nc3 Qh5 11. d4 Nd8 12. Nd2 Qh6 13. e4 fxe4 14. Ndxe4 Nxe4 15. Nxe4
Nf7 16. Qg4 Rad8 17. Bc1 e5 18. Qxd7 Rxd7 19. Bxh6 Nxh6 20. Bh3 Rdd8 21. Be6+
Kh8 22. d5 Nf5 23. Bxf5 Rxf5 24. Kg2 Rdf8 25. Rfc1 Rf3 26. Rc3 Rxc3 27. Nxc3 c6
28. Rd1 Kg8 29. Ne4 Rd8 30. b4 cxd5 31. cxd5 Rc8 32. Rd3 Rc4 33. Kf3 Kf7 34. Ke3
a6 35. Rc3 Rd4 36. Rd3 Rc4 37. f3 Ke8 38. Rc3 Bg5+ 39. Ke2 Rxc3 40. Nxc3 b5 41.
Kd3 Kd7 42. Ne2 g6 43. h4 Bd8 44. Nc3 h5 45. Ne4 Bb6 46. Kc3 Bd4+ 47. Kb3 Ke7
48. a4 Kd7 49. axb5 axb5 50. Kc2 Ke7 51. g4 Bb6 52. Kd2 Kd7 53. gxh5 gxh5 54.
Nf6+ Kc8 55. Nxh5 Bd8 56. Ng3 Bxh4 57. Nf5 Bg5+ 58. Kd3 Kd7 59. Kc2 Bf4 60. Kc3
Bg5 61. Ng3 Bh4 62. Ne4 Be1+ 63. Kb3 Ke7 64. Ng5 Bf2 65. Ne4 1/2-1/2

[Event "4NCL 2014-15"]
[Site "Hinckley Island ENG"]
[Date "2015.01.11"]
[Round "4.174"]
[White "Cenal Gutierrez, Ruben"]
[Black "Buchicchio, Giampaolo"]
[Result "0-1"]
[WhiteTitle "FM"]
[BlackTitle "FM"]
[WhiteElo "2216"]
[BlackElo "2296"]
[WhiteTeam "Hackney 1"]
[BlackTeam "Barbican 4NCL 2"]
[WhiteFideId "2211750"]
[BlackFideId "811491"]
[EventDate "2014.11.15"]

1. e4 c5 2. Nf3 Nc6 3. d4 cxd4 4. Nxd4 Nf6 5. Nc3 e5 6. Ndb5 d6 7. Bg5 a6 8. Na3
b5 9. Nd5 Be7 10. Bxf6 Bxf6 11. c3 Rb8 12. Nc2 Bg5 13. a4 bxa4 14. Ncb4 Bd7 15.
Bxa6 Nxb4 16. Nxb4 Qa5 17. Qd5 Qxd5 18. exd5 e4 19. O-O O-O 20. Be2 Ra8 21. Ra3
Ra5 22. Bd1 Bb5 23. Re1 Re8 24. Be2 Bxe2 25. Rxe2 f5 26. g3 Bd8 27. Kg2 Bb6 28.
Ra1 Kf7 29. f3 exf3+ 30. Kxf3 Rxe2 31. Kxe2 Bc5 32. Nd3 Bb6 33. c4 g5 34. Nb4
Ra8 35. Kd3 Bc5 36. Nc6 Re8 37. Rxa4 f4 38. gxf4 gxf4 39. b4 f3 40. Nd8+ Kf6 41.
Ne6 Bg1 42. Ra1 Rg8 43. Rf1 f2 44. b5 Kf5 45. Rb1 Bxh2 46. Ke2 Bg3 47. b6 h5 48.
b7 Rb8 49. Nd4+ Kg4 50. Kf1 h4 51. Ne2 Kf3 52. Nd4+ Kg4 53. Ne2 Kf3 54. Rb3+ Ke4
55. Kg2 Rf8 56. Rb1 Be5 57. b8=Q f1=Q+ 58. Rxf1 Rxb8 59. Ng1 Rb3 60. Rc1 h3+ 61.
Nxh3 Rg3+ 62. Kf2 Rxh3 63. c5 dxc5 64. Rxc5 Rh2+ 65. Ke1 Ke3 66. Kd1 Kd3 67. Ke1
Bd4 0-1

[Event "4NCL 2014-15"]
[Site "Hinckley Island ENG"]
[Date "2015.01.11"]
[Round "4.175"]
[White "Rogers, Jonathan W"]
[Black "Mackle, Dominic"]
[Result "1-0"]
[WhiteTitle "FM"]
[WhiteElo "2277"]
[BlackElo "2267"]
[WhiteTeam "Barbican 4NCL 2"]
[BlackTeam "Hackney 1"]
[WhiteFideId "402052"]
[BlackFideId "419478"]
[EventDate "2014.11.15"]

1. d4 d5 2. Nf3 Nf6 3. e3 c5 4. dxc5 e6 5. Bd3 Bxc5 6. O-O Nc6 7. Nbd2 O-O 8. c3
a6 9. e4 e5 10. exd5 Nxd5 11. Nc4 Re8 12. Be4 Be6 13. Ncxe5 Nxe5 14. Nxe5 Qc7
15. Nf3 Rad8 16. Qc2 h6 17. Bh7+ Kh8 18. Bf5 Ba7 19. Bd2 Nf4 20. Bxf4 Qxf4 21.
Bxe6 Rxe6 22. Rae1 Rde8 23. Rxe6 Rxe6 24. Re1 Rxe1+ 25. Nxe1 b5 26. Qe2 g6 27.
Nd3 Qc4 28. a3 Kh7 29. Qf3 Bb8 30. g3 h5 31. h4 a5 32. Kg2 Bd6 33. Nc1 b4 34.
axb4 axb4 35. b3 Qxc3 36. Qxf7+ Kh6 37. Ne2 Qd3 38. Qf3 Qd2 39. Nf4 Bc5 40. Qd3
Qxf2+ 41. Kh3 1-0

[Event "4NCL 2014-15"]
[Site "Hinckley Island ENG"]
[Date "2015.01.11"]
[Round "4.176"]
[White "Walker, Nicholas P"]
[Black "Sands, David A"]
[Result "1-0"]
[WhiteElo "2170"]
[BlackElo "2192"]
[WhiteTeam "Hackney 1"]
[BlackTeam "Barbican 4NCL 2"]
[WhiteFideId "421901"]
[BlackFideId "402060"]
[EventDate "2014.11.15"]

1. e4 c5 2. Nf3 e6 3. d4 cxd4 4. Nxd4 Nc6 5. Nc3 Qc7 6. Be2 a6 7. Be3 Nf6 8. O-O
Be7 9. f4 d6 10. a4 O-O 11. Kh1 Re8 12. Bf3 Na5 13. Qd3 Bf8 14. Rad1 Nd7 15. b4
Nc6 16. Qc4 Nb6 17. Qb3 Nxd4 18. Bxd4 Bd7 19. a5 Nc8 20. f5 Ne7 21. Bb6 Qb8 22.
fxe6 Bxe6 23. Nd5 Bxd5 24. exd5 Ng6 25. Bg4 Ne5 26. Bh3 g6 27. c4 f5 28. c5 Kh8
29. g3 Nd7 30. g4 fxg4 31. Bxg4 Nxb6 32. axb6 Bg7 33. Be6 a5 34. bxa5 dxc5 35.
d6 Rxa5 36. Rf7 c4 37. Qxc4 Rh5 38. Rc7 Be5 39. h3 Qa8 40. d7 Rd8 41. Rc8 Qa3
42. Rxd8+ Kg7 43. Rg8+ Kh6 44. Qd3 1-0

[Event "4NCL 2014-15"]
[Site "Hinckley Island ENG"]
[Date "2015.01.11"]
[Round "4.177"]
[White "Coleman, David J"]
[Black "Ociepka, Adrian"]
[Result "1-0"]
[WhiteTitle "CM"]
[WhiteElo "2230"]
[BlackElo "2124"]
[WhiteTeam "Barbican 4NCL 2"]
[BlackTeam "Hackney 1"]
[WhiteFideId "402087"]
[BlackFideId "1141937"]
[EventDate "2014.11.15"]

1. e4 c5 2. Nf3 d6 3. d4 cxd4 4. Nxd4 Nf6 5. Nc3 a6 6. Bg5 e6 7. f4 Be7 8. Qf3
h6 9. Bh4 Nbd7 10. O-O-O Qc7 11. Bd3 g5 12. fxg5 Ne5 13. Qe2 Nfg4 14. Nf3 Ng6
15. Bg3 hxg5 16. Qd2 Qa5 17. Kb1 N4e5 18. Rhf1 g4 19. Nxe5 Nxe5 20. Rf2 Bd7 21.
Rdf1 Bc6 22. Bxe5 Qxe5 23. Rxf7 Bg5 24. Qf2 g3 25. Rf8+ Kd7 26. Qf7+ Be7 27.
Qxe7+ 1-0

[Event "4NCL 2014-15"]
[Site "Hinckley Island ENG"]
[Date "2015.01.11"]
[Round "4.178"]
[White "York-Andersen, Anna"]
[Black "Regan, Natasha K"]
[Result "1/2-1/2"]
[BlackTitle "WIM"]
[WhiteElo "1806"]
[BlackElo "2051"]
[WhiteTeam "Hackney 1"]
[BlackTeam "Barbican 4NCL 1"]
[WhiteFideId "416789"]
[BlackFideId "403067"]
[EventDate "2014.11.15"]

1. e4 Nf6 2. e5 Nd5 3. d4 d6 4. c4 Nb6 5. exd6 exd6 6. Nc3 Be7 7. Bd3 c6 8. Nge2
Na6 9. Be3 Nb4 10. b3 Nxd3+ 11. Qxd3 O-O 12. O-O Re8 13. Rfe1 g6 14. Ng3 d5 15.
c5 Nd7 16. Bf4 b6 17. b4 a5 18. a3 Ba6 19. Qd2 Bf6 20. Rxe8+ Qxe8 21. Re1 Qd8
22. Nf1 axb4 23. axb4 bxc5 24. bxc5 Bg7 25. Ne3 Qf6 26. Ng4 Qd8 1/2-1/2